Statistics for Countries Closest to New Zealand - 30 Second Sprint

Click here to take the quiz!

General Stats

  • This quiz has been taken 33 times
  • The average score is 12 of 20

Answer Stats

kmcountrymiles% Correct
1303Australia810
96%
1857Fiji1154
96%
2715Samoa1687
93%
3817Nauru2372
85%
2945Solomon Islands1830
81%
6130Palau3809
78%
1865Tonga1159
78%
2946Tuvalu1831
74%
4283Indonesia2661
70%
1602Vanuatu995
70%
3472Papua New Guinea2158
67%
5059Kiribati3143
59%
4659Marshall Islands2895
56%
4830Micronesia3001
56%
7243Malaysia4500
37%
5454Timor-Leste3389
33%
2958Cook Islands1838
19%
2365Niue1469
19%
6807United States4230
15%
6664Philippines4141
11%

Score Distribution

Percentile by Number Answered

Percent of People with Each Score

Your Score History

You have not taken this quiz